<?xml version="1.0" encoding="UTF-8"?>
<record
    xmlns:xsi="http://www.w3.org/2001/XMLSchema-instance"
    xsi:schemaLocation="http://www.loc.gov/MARC21/slim http://www.loc.gov/standards/marcxml/schema/MARC21slim.xsd"
    xmlns="http://www.loc.gov/MARC21/slim">

  <leader>00656nam a22001937a 4500</leader>
  <datafield tag="999" ind1=" " ind2=" ">
    <subfield code="c">61838</subfield>
    <subfield code="d">61838</subfield>
  </datafield>
  <controlfield tag="005">20240524144351.0</controlfield>
  <controlfield tag="008">240524s2006    enk||||| |||| 00| 0 eng d</controlfield>
  <datafield tag="020" ind1=" " ind2=" ">
    <subfield code="a">9780443100079x</subfield>
  </datafield>
  <datafield tag="041" ind1=" " ind2=" ">
    <subfield code="a">eng</subfield>
  </datafield>
  <datafield tag="080" ind1=" " ind2=" ">
    <subfield code="a">617.5+611 J-22</subfield>
  </datafield>
  <datafield tag="100" ind1=" " ind2=" ">
    <subfield code="a">Jamieson, Glyn G.</subfield>
    <subfield code="9">22174</subfield>
  </datafield>
  <datafield tag="245" ind1=" " ind2=" ">
    <subfield code="a">The anatomy of general surgical operations :</subfield>
    <subfield code="c">Glyn G. Jamieson.</subfield>
  </datafield>
  <datafield tag="250" ind1=" " ind2=" ">
    <subfield code="a">2nd edition</subfield>
  </datafield>
  <datafield tag="264" ind1=" " ind2=" ">
    <subfield code="a">Edinburgh :</subfield>
    <subfield code="b">Elsevier,</subfield>
    <subfield code="c">2006.</subfield>
  </datafield>
  <datafield tag="300" ind1=" " ind2=" ">
    <subfield code="a">226 p.:</subfield>
    <subfield code="b">ill.;</subfield>
    <subfield code="c">29 cm.</subfield>
  </datafield>
  <datafield tag="653" ind1=" " ind2=" ">
    <subfield code="a">&#x10D6;&#x10DD;&#x10D2;&#x10D0;&#x10D3;&#x10D8; &#x10E5;&#x10D8;&#x10E0;&#x10E3;&#x10E0;&#x10D2;&#x10D8;&#x10E3;&#x10DA;&#x10D8; &#x10DD;&#x10DE;&#x10D4;&#x10E0;&#x10D0;&#x10EA;&#x10D8;&#x10D4;&#x10D1;&#x10D8;&#x10E1; &#x10D0;&#x10DC;&#x10D0;&#x10E2;&#x10DD;&#x10DB;&#x10D8;&#x10D0;</subfield>
  </datafield>
  <datafield tag="653" ind1=" " ind2=" ">
    <subfield code="a">&#x10DB;&#x10D4;&#x10D3;&#x10D8;&#x10EA;&#x10D8;&#x10DC;&#x10D0;</subfield>
  </datafield>
  <datafield tag="942" ind1=" " ind2=" ">
    <subfield code="2">udc</subfield>
    <subfield code="c">&#x1CAC;&#x1C98;&#x1C92;&#x1C9C;&#x1C98;</subfield>
  </datafield>
  <datafield tag="952" ind1=" " ind2=" ">
    <subfield code="0">0</subfield>
    <subfield code="1">0</subfield>
    <subfield code="2">udc</subfield>
    <subfield code="4">0</subfield>
    <subfield code="6">6175611_J22</subfield>
    <subfield code="7">0</subfield>
    <subfield code="9">98893</subfield>
    <subfield code="a">CPL</subfield>
    <subfield code="b">CPL</subfield>
    <subfield code="c">GEN</subfield>
    <subfield code="d">2024-05-24</subfield>
    <subfield code="g">165.00</subfield>
    <subfield code="o">617.5+611 J-22</subfield>
    <subfield code="p">67986</subfield>
    <subfield code="r">2024-05-24</subfield>
    <subfield code="t">67986</subfield>
    <subfield code="w">2024-05-24</subfield>
    <subfield code="y">&#x1CAC;&#x1C98;&#x1C92;&#x1C9C;&#x1C98;</subfield>
    <subfield code="z">165 &#x10DA;.</subfield>
  </datafield>
</record>
